| 000 | 00792nam a2200205 i 4500 | ||
|---|---|---|---|
| 001 | 149321 | ||
| 003 | ES-MaACL | ||
| 005 | 20230906203038.0 | ||
| 007 | t| | ||
| 008 | 071019s1929 xxk ||||1| eng d | ||
| 100 | 1 |
_aVanstone, J. Henry. _9113084 |
|
| 245 | 1 | 4 |
_aThe raw materials of commerce _b: a descriptive account of the vegetable, animal, mineral and synthetic products of the world and of their commercial uses / _cby J. Henry Vanstone with contributions by J. P. Gilmour, Albert Lidgett, John Roberts, J. C. Sachs. |
| 260 |
_aLondon : _bIsaac Pitman, _c1929. |
||
| 300 |
_a2 v. : _bil. ; _c28 cm. |
||
| 700 | 1 |
_aGilmour, J. P. _957002 |
|
| 700 | 1 |
_aLidgett, Albert. _972215 |
|
| 700 | 1 |
_aRoberts, John. _997833 |
|
| 700 | 1 |
_aSachs, J. C. _9101248 |
|
| 852 |
_aES-MaACL _jA-2189-90 |
||
| 999 |
_c149321 _d149321 |
||